000 00806nam a2200253Ia 4500
003 OSt
005 20221005092202.0
006 a|||||r|||| 00| 0
007 ta
008 221004b |||||||| |||| 00| 0 eng d
020 _a9781138015715 (hbk)
_c8109.85
024 _a22361
037 _bCBS/329, 10/03/2015, Classic Book Service
_cTextual
040 _aCRL
_cCRL
_beng
041 _2eng
_aeng
082 _aO111,3:g(C86), Q4
100 _aVesterman William
_9459102
245 0 _aDramatizing time in twentieth - century fiction
260 _aNew York
_bRoutledge U.S.A
_c2014
300 _axiv, 192p.
_ccm.
650 _aENGLISH LITERATURE
942 _hO111,3:g(C86), Q4
_cTEXL
_2cc
999 _c998479
_d998479